000 01008nmm a2200289 a 4500
001 ocm0001916532
003 TR-IsHL
005 20201028174929.0
008 180924s2010 tu tur
007 cr cn
020 _a9786054194155
035 _a1916532
_b(N$T)
050 0 4 _aPJ7862.A49
_bI319 2010
090 0 4 _aPJ7862.A49
_bI319 2010
100 1 _aAbdulhamid Cûde es-Sahhar
245 1 0 _aEy ateş, serin ol: Peygamberler atası İbrahim
_h[electronic resource] /
_cAbdulhamid Cûde es-Sahhar ; çeviren Ümit Dericioğlu
260 _aİstanbul :
_bİnkılab Yayınları,
_c2010
300 _a232 p.
500 _aeser özgün adı İbrahim/Ebu'l-enbiya
650 4 _aDil ve Edebiyat
650 4 _aLanguage and Literature
650 0 _aArab romanı
650 0 _aArabic fiction
650 7 _aLITERARY COLLECTIONS / Middle Eastern
_2bisacsh
700 1 _aDevecioğlu Ümit
856 4 0 _uhttp://search.ebscohost.com/login.aspx?direct=true&scope=site&db=e011xww&AN=1916532
999 _c18425
_d18425